00394nam a2200121Ia 450000500170000000800410001708200130005810000200007124500620009126000420015330000180019550000590021320250318132206.0240331s9999 xx 000 0 und d bKANa894 aKandaswamy K. I 0aMahakavi bharathiyin kannan paddalkalum vilakka uraikalum aChennaibManimegalai Pirasuraamc2005 aXXX, 154 P ., aMahaKavi Bharathiyin Kannan Paadalkalum Vilakkaooraium